000 nam a22 a 4500
999 _c150974
_d150974
003 BLK
005 20220131075303.0
008 180410b bul|||||r ||||||| ||bul||
010 _aKNG00157329000
040 _aBLK
041 _aBUL
_cBUL
080 _aНемска литература
_b821.112.2
_x-31
_z821.112.2-31
100 1 _aБредел, Вили
_eпърви автор
_943147
139 _aБредел, Вили
_bБ 80
245 1 0 _aСреща на Ебро
_bЗаписки на един военен комисар
_cВили Бредел ; прев. от нем. К. Манафски.
257 _aDEU
260 _aСофия
_bб. и.
_c1946
_fСофия : Братя Миладинови
_9441842
300 _a231 с.
_c19 см
380 _aX
490 _aБиблиотека Знаменити романи
_vГ. V, кн. 4
_9207191
700 1 _aМанафски, К.
_eпрев. от нем.
_991860
852 _aЦб 14421
_bЦб
942 _cKNG
_n0
_s1
944 _aCR
_c28.02.2014
_l28.02.2014 - от С1,Р / 28.02.2014
_kПравда_Бадева
944 _aED
_c2021-07-02
_kГГГ
999 _d150974
999 _d150974